000 00279nam a22001217a 4500
008 230620b xxu||||| |||| 00| 0 eng d
082 _a323.96
_bUNDP
110 _bUNDP
245 _aKenya Human Development Report 1999
260 _bUNDP
_c1999
300 _a94p
942 _2ddc
_cBK
999 _c1928
_d1928